Fußball Trivia Teil 2 - schwer - Statistiken

Allgemein
  • Dieses Quiz wurde 44 mal gespielt
  • Das Durchschnittsergebnis liegt bei 4 aus 10
Antwortstatistiken
Tipps und Fakten Gesuchte Antwort % Korrekt
4 Es ist der 02.07.2010 und es ist die 120 Spielminute im Spiel Ghana - Uruguay. Luis Suarez klärt einen Schuss eines Ghanaers mit der Hand von Linie. Es gibt Rot und Elfmeter. Wer verschoss den Elfmeter? Asamoah Gyan
53%
10 Welcher Spieler absolvierte die meisten Spiel bei WM-Endrunden? Lionel Messi
50%
6 Über wen sagte Mario Gomez folgende Satz nach einen Spiel gegen den KSC: Es ist im Fussball so, dass ich jeden Gegenspieler respektiere. Aber diese Ar***loch... Maik Franz
50%
9 Welcher Verein außerhalb der großen drei in Portugal wurde im 21. Jahrhundert Meister? Boavista Porto
40%
5 Iker Casillias war Stammkeeper bei der WM 2002 für Spanien nach dem die eigentlich Nummer 1 bei einem Unfall im Bad in die Scherben seiner Aftershave-Flasche lief. Wie hieß die eigentliche Nummer 1? Santiago Canizares
40%
7 Im FA Cup Finale 2010 foulte Kevin Prince Boateng Micheal Ballack so schwer das der DFB-Kapitän für die WM 2010 ausfiel. Für welchen Verein spielte Kevin Prince Boateng? FC Portsmouth
38%
1 Welcher englische Verein ist mit den Black Cats gemeint? AFC Sunderland
30%
3 Der Betrug von Paderborn. Eins der verpfiffenen Spiele von Robert Hoyzer. DFB Pokal Runde 1. Paderborn - Hamburger SV Endstand 4:2 Wer war der Trainer des HSV? Klaus Toppmöller
25%
2 Welche Spieler zog bei einem Mannschaftsfoto auffällig weit hoch, um eine Wette zu gewinnen. Anschließend bekam der gesuchte Spieler eine Geldstrafe von 25.000 Mark. Thorsten Legat
25%
8 Welcher Verein steigte mit höchsten Punktzahl aller Zeiten ab? (38 Punkte) Karlsruher SC
20%
Keine übereinstimmenden Quizze gefunden
Verteilung der Resultate
Anzahl Personen mit jedem Resultat
Perzentil nach korrekt beantworteten Fragen
Ihre Resultats-Entwicklung
Sie haben dieses Quiz noch nicht gespielt